| 000 | 00857nam a22002417a 4500 | ||
|---|---|---|---|
| 005 | 20170607090230.0 | ||
| 008 | 170606b xxu||||| |||| 00| 0 eng d | ||
| 020 | _a9780199129737 | ||
| 050 | _aBD 161 .D667 2013 | ||
| 100 | _aDombrowski, Eileen | ||
| 245 |
_aTheory of knowledge : _bcourse companion / _cEileen Dombrowski, Lena Rotenberg, Mimi Bick. |
||
| 250 | _a2013 edition | ||
| 260 |
_aOxford _bOxford University Press _cc2013 |
||
| 300 |
_a438 p. : _bcolored illustrations ; _c28 cm. |
||
| 440 | _aOxford IB diploma programme | ||
| 500 | _aIncludes index. | ||
| 650 |
_2Library of Congress Subject Headings _aKnowledge, Theory of _vExaminations _xStudy guides |
||
| 650 |
_2Library of Congress Subject Headings _aInternational baccalaureate |
||
| 700 | _aRotenberg, Lena | ||
| 700 | _aBick, Mimi | ||
| 942 |
_2lcc _cBK |
||
| 999 |
_c335214 _d335214 |
||